Countries by Urban Population - Statistics

General Stats
  • This quiz has been taken 107 times
  • The average score is 19 of 20
Answer Stats
Urban Population Country % Correct
256,701,885 USA
99%
160,879,708 Brazil
98%
711,820,000 China
98%
52,585,594 France
98%
56,132,300 Germany
98%
405,145,300 India
97%
41,534,944 Italy
97%
102,705,300 Russia
97%
116,486,531 Japan
96%
88,660,257 Mexico
95%
56,105,091 UK
95%
122,824,688 Indonesia
93%
35,935,354 Egypt
90%
51,672,518 Turkey
90%
64,009,394 Nigeria
89%
37,705,099 Argentina
87%
60,484,799 Pakistan
87%
46,381,918 South Korea
86%
77,610,181 Philippines
85%
46,368,984 Iran
82%
No matching quizzes found
Score Distribution
Percent of People with Each Score
Percentile by Number Answered
Your Score History
You have not taken this quiz